000 00638nam a2200181 a 4500
005 20140412111318.0
008 010328s19uu xx 00 eng d
020 _a0-590-12877-9
050 _aTR(GS 372.21
_bB135 1998
100 _aBaskwill, Jane
245 _aBig interactive literacy builders, Grade K-2 :
_bcomplete hot-to's for making manipulative reading tools that kids can't resist! /
_cby Jane Baskwil.
260 _aJefferson City, MO :
_bScholastic Professional Books,
_c1998.
300 _a32 p.
500 _aPreschool
650 _aTeachers strategies - Grades K-2
650 _aEducation - Grades K-2
999 _c104304
_d104304